Cidades que sediaram a final da Champions League - Statistics

Estatísticas Gerais
  • Esse quiz foi jogado 654 vezes
    509 desde o último reset
  • A pontuação média é 54 de 67
Estatísticas das Respostas
Temporada Cidade sede Campeão % Correto
1956-57 Madrid Real Madrid
99%
1968-69 Madrid Milan
99%
1979-80 Madrid Nottingham Forest
99%
2009-10 Madrid Internazionale
99%
2018-19 Madrid Liverpool
99%
1955-56 Paris Real Madrid
97%
1974-75 Paris Bayern de Munique
97%
1980-81 Paris Liverpool
97%
1999-00 Paris Real Madrid
97%
2005-06 Paris Barcelona
97%
2021-22 Paris Real Madrid
97%
1966-67 Lisboa Celtic
96%
2013-14 Lisboa Real Madrid
96%
2019-20 Lisboa Bayern de Munique
96%
1962-63 Londres Milan
96%
1967-68 Londres Manchester United
96%
1970-71 Londres Ajax
96%
1977-78 Londres Liverpool
96%
1991-92 Londres Barcelona
96%
2010-11 Londres Barcelona
96%
2012-13 Londres Bayern de Munique
96%
1988-89 Barcelona Milan
95%
1998-99 Barcelona Manchester United
95%
1964-65 Milão Internazionale
92%
1969-70 Milão Feyennord
92%
2000-01 Milão Bayern de Munique
92%
2015-16 Milão Real Madrid
92%
1978-79 Munique Nottingham Forest
92%
1992-93 Munique Olympique de Marselha
92%
1996-97 Munique Borussia Dortmund
92%
2011-12 Munique Chelsea
92%
2020-21 Porto Chelsea
92%
1976-77 Roma Liverpool
91%
1983-84 Roma Liverpool
91%
1995-96 Roma Juventus
91%
2008-09 Roma Barcelona
91%
2014-15 Berlim Barcelona
90%
1961-62 Amsterdã Benfica
87%
1997-98 Amsterdã Real Madrid
87%
2007-08 Moscou Manchester United
86%
2002-03 Manchester Milan
85%
2017-18 Kiev Real Madrid
84%
2004-05 Istambul Liverpool
80%
1982-83 Atenas Hamburgo
74%
1993-94 Atenas Milan
74%
2006-07 Atenas Milan
74%
1957-58 Bruxelas Real Madrid
74%
1965-66 Bruxelas Real Madrid
74%
1973-74 Bruxelas Bayern de Munique
74%
1984-85 Bruxelas Juventus
74%
1963-64 Viena Internazionale
65%
1986-85 Viena Porto
65%
1989-90 Viena Milan
65%
1994-95 Viena Ajax
65%
2016-17 Cardiff Real Madrid
57%
1960-61 Berna Benfica
55%
1959-60 Glasgow Real Madrid
54%
1975-76 Glasgow Bayern de Munique
54%
2001-02 Glasgow Real Madrid
54%
1972-73 Belgrado Ajax
53%
1985-84 Sevilla Steaua Bucareste
48%
1971-72 Roterdã Ajax
42%
1981-82 Roterdã Aston Villa
42%
1958-59 Stuttgart Real Madrid
25%
1987-88 Stuttgart PSV
25%
2003-04 Gelsenkirchen Porto
24%
1990-91 Bari Estrela Vermelha
20%
Nenhum quiz correspondente encontrado
Distribuição das Pontuações
Porcentagem de Pessoas com Cada Pontuação
Percentil de Números Respondidos
Sua Pontuação Histórica
Você não jogou esse quiz desde o último reset